Największe miasta województw, które nie są ich stolicą - Statystyki

Ogólne statystyki
  • Ten quiz został rozwiązany 45 razy
  • Średni wynik to 13 z 16
Statystyki odpowiedzi
Województwo Miasto Ludność (w tysiącach) % Poprawnych
Mazowieckie Radom 210
93%
Śląskie Częstochowa 215
90%
Pomorskie Gdynia 245
90%
Warmińsko-Mazurskie Elbląg 116
85%
Zachodniopomorskie Koszalin 106
85%
Kujawsko-Pomorskie Włocławek 109
83%
Małopolskie Tarnów 107
80%
Dolnośląskie Wałbrzych 108
80%
Lubelskie Chełm 61
78%
Wielkopolskie Kalisz 97
78%
Opolskie Kędzierzyn-Koźle 55
76%
Podlaskie Suwałki 68
76%
Świętokrzyskie Ostrowiec Świętokrzyski 67
71%
Łódzkie Piotrków Trybunalski 73
71%
Podkarpackie Mielec 59
68%
Lubuskie Nowa Sól 37
61%
Nie znaleziono quizów pasujących do podanych kryteriów
Rozkład punktacji
Procent ludzi z każdym wynikiem
Percentyl według liczby udzielonych odpowiedzi
Twoja historia wyników
Nie rozwiązałeś tego quizu